<?xml version="1.0" encoding="UTF-8"?>
<marc:record xmlns:marc="http://www.loc.gov/MARC21/slim">
   <marc:leader>00000nam a2200000 a 4500</marc:leader>
   <marc:datafield ind1="1" ind2=" " tag="100">
      <marc:subfield code="a">Riordan, Rick</marc:subfield>
      <marc:subfield code="4">aut</marc:subfield>
      <marc:subfield code="e">Verfasser/-in</marc:subfield>
   </marc:datafield>
   <marc:datafield ind1="1" ind2=" " tag="100">
      <marc:subfield code="a">Haefs, Gabriele</marc:subfield>
      <marc:subfield code="4">trl</marc:subfield>
      <marc:subfield code="e">Übersetzer/-in</marc:subfield>
   </marc:datafield>
   <marc:datafield ind1="0" ind2="0" tag="245">
      <marc:subfield code="a">Das Haus des Hades</marc:subfield>
   </marc:datafield>
   <marc:datafield ind1="0" ind2="0" tag="245">
      <marc:subfield code="c">Rick Riordan. Gabriele Haefs</marc:subfield>
   </marc:datafield>
   <marc:datafield ind1=" " ind2="1" tag="264">
      <marc:subfield code="a">Hamburg</marc:subfield>
      <marc:subfield code="b">Carlsen</marc:subfield>
   </marc:datafield>
   <marc:datafield ind1="1" ind2=" " tag="490">
      <marc:subfield code="a">Helden des Olymp</marc:subfield>
      <marc:subfield code="v">Bd. 4</marc:subfield>
   </marc:datafield>
   <marc:datafield ind1=" " ind2=" " tag="250">
      <marc:subfield code="a">1. Aufl.</marc:subfield>
   </marc:datafield>
   <marc:datafield ind1="1" ind2=" " tag="520">
      <marc:subfield code="a">Verloren in den Tiefen des Tartarus  ein Wettlauf gegen die Zeit beginnt &lt;br/&gt;Die sieben legendären Halbgötter haben es auf ihrem fliegenden Schiff, der Argo II, bis nach Rom geschafft, doch Percy und Annabeth sind in den Tartarus gefallen und vom Rest der Gruppe getrennt. Von nun an müssen sich beide Teams ihren Weg zu den Toren des Todes freikämpfen, um ihre Mission zu erfüllen: Nur wenn sie sich gegen Gaias Streitkräfte behaupten und die Türen von beiden Seiten gleichzeitig verschließen, können sie die Erdgöttin aufhalten.  &lt;br/&gt; &lt;br/&gt;Helden des Olymp: die Fortsetzung der Jugendbuch-Bestsellerserie Percy Jackson  &lt;br/&gt;Nachdem Jason ohne Erinnerung auf einer Klassenfahrt aufwacht, überschlagen sich die Ereignisse: Als Sohn des Jupiter zählt er zu den sieben legendären Halbgöttern, die den Olymp gegen die Urgöttin Gaia und ihre Gefolgschaft verteidigen sollen. Doch nur, wenn sich die römischen und die griechischen Halbgötter zusammenschließen können sie den Kampf gegen Gaia aufnehmen.  "Helden des Olymp" ist eine fünfteilige Fantasy-Buchreihe rund um die jugendlichen Halbgötter Jason, Piper, Leo, Percy, Annabeth, Hazel und Frank. Der spannende Mix aus Action, Witz und Mythologie begeistert Jung und Alt. &lt;br/&gt; &lt;br/&gt;***Griechische Götter in der Gegenwart: actionreich, wild und urkomisch  für Leser*innen ab 12 Jahren und für alle Fans der griechisch-römischen Mythologie***</marc:subfield>
   </marc:datafield>
   <marc:datafield ind1=" " ind2=" " tag="020">
      <marc:subfield code="a">9783551556042</marc:subfield>
      <marc:subfield code="9">9783551556042</marc:subfield>
   </marc:datafield>
   <marc:datafield ind1=" " ind2=" " tag="041">
      <marc:subfield code="a">ger</marc:subfield>
   </marc:datafield>
   <marc:datafield ind1="1" ind2=" " tag="521">
      <marc:subfield code="a">0</marc:subfield>
   </marc:datafield>
   <marc:datafield ind1=" " ind2=" " tag="300">
      <marc:subfield code="a">620 S.</marc:subfield>
   </marc:datafield>
</marc:record>
